Top 20 NBA Players of All Time - Statistics

General Stats
  • This quiz has been taken 132 times
  • The average score is 15 of 20
Answer Stats
Rank Answer % Correct
1 Michael Jordan
100%
2 LeBron James
99%
3 Kobe Bryant
97%
10 Shaquille O'Neal
94%
5 Kareem Abdul-Jabbar
93%
8 Larry Bird
91%
7 Magic Johnson
89%
6 Wilt Chamberlain
89%
9 Tim Duncan
85%
4 Bill Russell
83%
12 Hakeem Olajuwon
77%
15 Karl Malone
73%
14 Moses Malone
72%
13 Jerry West
70%
11 Oscar Robertson
59%
16 David Robinson
54%
20 Kevin Garnett
52%
17 Charles Barkley
51%
18 Elgin Baylor
45%
19 John Havlicek
32%
No matching quizzes found
Score Distribution
Percent of People with Each Score
Percentile by Number Answered
Your Score History
You have not taken this quiz